000 00601nam a2200217 a 4500
005 20210219153319.0
008 991125n 000 0 u
035 _aUPN01000090919
100 1 _aMorais Gallego, José Pedro
222 0 _aREVISTA DE EDUCACION
245 0 0 _aOrientación educativa en España : desarrollo institucional y legislativo
260 _aMadrid, España
300 _a369-396
362 0 _a1993 No. 300, ene.-abr.
653 0 _aESPAÑA
653 0 _aLEGISLACION EDUCATIVA
653 0 _aLIBRO BLANCO
653 0 _aLOGSE
904 _aAC
_b028730
905 _aArticulo
999 _c73835
_d73835